Kanada - prawda czy fałsz? - Statystyki

Ogólne statystyki
  • Ten quiz został rozwiązany 3 888 razy
  • Średni wynik to 9 z 15
Statystyki odpowiedzi
Zagadnienie Odpowiedź % Poprawnych
Kanada jest największym krajem na świecie pod względem powierzchni Fałsz
97%
Większość ludności Kanady mieszka w promieniu 100 mil od granicy z USA. Prawda
85%
Quebec prawie zagłosował za secesją w 1995r. Prawda
79%
Nowa Fundlandia i Labrador to najbardziej na wschód wysunięta prowincja Kanady. Prawda
69%
Ottawa jest najbardziej wysuniętą na północ stolicą kraju na świecie Fałsz
68%
Saskatchewan jest jedną z "prowincji preriowych". Prawda
63%
Król Karol III ma prawo rozwiązać kanadyjską Izbę Gmin. Prawda
60%
Kanadą rządzi prezydent Fałsz
58%
Tim Horton był hokeistą Prawda
52%
Większość osób mieszkających w Vancouver urodziła się w Chinach lub Hongkongu Fałsz
50%
Posiadanie broni w Kanadzie jest nielegalne Fałsz
50%
Stany Zjednoczone zdobyły i splądrowały Toronto, znane wówczas jako York Prawda
43%
Kanada styka się z wszystkimi pięcioma Wielkimi Jeziorami Ameryki Północnej Fałsz
39%
Terytorium Nunavut otrzymało swoją nazwę, ponieważ jest położone tak daleko na północy, że Manitoba nie chciała "nic z tego". Fałsz
34%
Zwierzęciem narodowym Kanady jest łoś Fałsz
19%
Nie znaleziono quizów pasujących do podanych kryteriów
Rozkład punktacji
Procent ludzi z każdym wynikiem
Percentyl według liczby udzielonych odpowiedzi
Twoja historia wyników
Nie rozwiązałeś tego quizu